00691cam a22002411 4500001001300000003000400013005001700017008004100034010001700075025002100092035002000113040002100133042001200154050001900166100005800185245002200243260001200265300002200277500001600299500006000315700005700375999001700432sa 68011449 DLC20260227112600.0940921s1963 ii 000 0 kano  asa 68011449  aPL480:I-Kan-1192 a(OCoLC)31150489 aDLCcCUdCUdDLC apremarc00aPL4659.C49bD51 aChandraiah, B. N.,q(Bidaloti Nanjundaradhya),d1936-10aDhṛvasvāmini. c[1963?] aiv, 61 p.c19 cm. aIn Kannada. aA play based on Jai Shankar Prasad's Dhruvasvāminī.1 aPrasad, Jai Shankar,d1889-1937.tDhruvasvāminī. c83900d83900